Effect of irrigation and fertilizer on growth, solar radiation interception and radiation use efficiency of rubber seedling (Record no. 57915)

MARC details
000 -LEADER
fixed length control field 00554nam a2200169Ia 4500
100 ## - MAIN ENTRY--AUTHOR NAME
Personal name Thomas
245 #0 - TITLE STATEMENT
Title Effect of irrigation and fertilizer on growth, solar radiation interception and radiation use efficiency of rubber seedling
260 ## - PUBLICATION, DISTRIBUTION, ETC. (IMPRINT)
Name of publisher Indonesian Journal of Natural Rubber Research
Year of publication 1996
300 ## - PHYSICAL DESCRIPTION
Number of Pages 23-26
650 ## - SUBJECT ADDED ENTRY--TOPICAL TERM
Topical Term Fertilizer application
650 ## - SUBJECT ADDED ENTRY--TOPICAL TERM
Topical Term Hevea brasiliensis
650 ## - SUBJECT ADDED ENTRY--TOPICAL TERM
Topical Term Irrigation system
650 ## - SUBJECT ADDED ENTRY--TOPICAL TERM
Topical Term Radiation interception
700 ## - ADDED ENTRY--PERSONAL NAME
Personal name Tambunan D
942 ## - ADDED ENTRY ELEMENTS (KOHA)
Koha item type Journals
Holdings
Withdrawn status Lost status Damaged status Not for loan Home library Current library Shelving location Date acquired Serial Enumeration / chronology Koha item type
      Journals RRII Library RRII Library Soils and agonomy 17/12/2021 Volume 14, Issue 1 Journals